000 00270nam a22001217a 4500
008 181022b xxu||||| |||| 00| 0 eng d
041 _aeng
080 _a510
100 _a37
101 _aMAT
245 _aGeometric Allover Pattersrns
_cAngell.I.O
942 _2udc
_cBK
999 _c50365
_d50365